| 000 | 01632cam a2200409 a 4500 | ||
|---|---|---|---|
| 001 | 14484334 | ||
| 003 | OSt | ||
| 005 | 20140310181637.0 | ||
| 008 | 060807s2007 caua 000 0 eng | ||
| 010 | _a 2006049175 | ||
| 020 | _a9781412927017 (cloth : alk. paper) | ||
| 020 | _a1412927013 (cloth : alk. paper) | ||
| 020 | _a9781412927024 (pbk. : alk. paper) | ||
| 020 | _a1412927021 (pbk. : alk. paper) | ||
| 020 | _a9781412927017 | ||
| 020 | _a9781412927024 | ||
| 035 | _a(OCoLC)ocm71126895 | ||
| 035 | _a(OCoLC)71126895 | ||
| 040 |
_aDLC _cDLC _dYDX _dBAKER _dYDXCP _dDLC |
||
| 043 | _an-us--- | ||
| 050 | 0 | 0 |
_aNC 1429 _b.B127 2007 |
| 082 | 0 | 0 |
_aTR 741.5 _bB12 2007 |
| 100 | 1 |
_aBacall, Aaron. _91155 |
|
| 245 | 1 | 4 |
_aThe lighter side of classroom management / _cAaron Bacall. |
| 260 |
_aThousand Oaks, CA : _bCorwin Press, _cc2007. |
||
| 300 |
_avii, 84 p. : _bchiefly ill. ; _c23 cm. |
||
| 521 | _aFaculty | ||
| 541 | _j1 | ||
| 562 | _eFor circulation. One copy available in the collection | ||
| 650 | 0 |
_aAmerican wit and humor, Pictorial. _91156 |
|
| 650 | 0 |
_aClassroom management _vCaricatures and cartoons. _91157 |
|
| 856 | 4 | 2 |
_3Publisher description _uhttp://www.loc.gov/catdir/enhancements/fy0708/2006049175-d.html |
| 856 | 4 | 2 |
_3Contributor biographical information _uhttp://www.loc.gov/catdir/enhancements/fy0734/2006049175-b.html |
| 906 |
_a7 _bcbc _corignew _d1 _eocip _f20 _gy-gencatlg |
||
| 942 |
_2lcc _cBK-TR _kTR |
||
| 999 |
_c735 _d735 |
||